Celebrities at WWE Quiz Stats

 Plays Quiz not verified by Sporcle

Challenge
Share
Tweet
Score 0/30 Timer 10:00
0 Plays Today
% Correct
Mike Tyson
87%
Donald Trump
78.2%
Adam Sandler and Rob Schneider
76.9%
Mr T
76.9%
Scooby Doo
75.2%
Ben Stiller
67.6%
Macaulay Culkin
67.2%
Arnold Schwarzenegger
64.3%
Hugh Jackman
63.9%
Seth Green
61.8%
Shaquille O'Neal
61.3%
Jon Stewart
58.8%
Snooki
58.4%
Mickey Rourke
58%
Bob Barker
56.3%
% Correct
Stephen Amell
55.5%
Nickelback
54.2%
Kid Rock
53.4%
Ceelo Green
53.4%
Wayne Rooney
47.9%
Floyd Mayweather
47.9%
Burt Reynolds
45.8%
Freddie Prinze Jr
41.2%
Kevin Federline
31.5%
Sean 'Puff Daddy' Combs
31.1%
Bradley Cooper
26.9%
Jose Mourinho
25.2%
Jeremy Piven
21.4%
Machine Gun Kelly
18.1%
Ricky Hatton
15.5%

You're not logged in!

Compare scores with friends on all Sporcle quizzes.
Join for Free
OR
Log In

You Might Also Like...

Show Comments

Extras

Top Quizzes Today


Score Distribution

Your Account Isn't Verified!

In order to create a playlist on Sporcle, you need to verify the email address you used during registration. Go to your Sporcle Settings to finish the process.

Report this User

Report this user for behavior that violates our Community Guidelines.

Details: